000
00331 a2200157 4500
001
12822
020
_a
9788576711490
040
_c
Anchieta - Aquarius
100
_a
Gusmão, Tânia
240
1
0
_a
*Ana e o gato
_l
por
245
1
0
_a
*Ana e o gato
300
_a
12
362
0
_a
2011
650
4
_a
Literatura infantil
942
_c
BK
999
_c
12822
_d
12822